00639cam a22001577a 4500020001500000040000800015082002600023245020000049246001800249260007600267300002400343650002200367650001900389650001200408710006100420 a9251053367 cFQG00a363 FAO 2005 A042 Or.00aVoluntary guidelines to support the progressive realization of the right to adequate food in the context of national food security, adopted by the 127th Session of the FAO Council, November 2004.30aRight to food aRome :bFood and Agriculture Organization of the United Nations,c2005. avi, 37 p. ;c25 cm. 0aNutrition policy. 0aRight to food. 0aHunger.2 aFood and Agriculture Organization of the United Nations.